| 000 | 00964pam a2200277 a 4500 | ||
|---|---|---|---|
| 001 | 2067493 | ||
| 003 | ARRUPE | ||
| 005 | 20160427123753.0 | ||
| 008 | 940204s1994 mau b 000 0 eng | ||
| 010 | _a 94006259 | ||
| 020 | _a1879007045 | ||
| 040 |
_aDLC _cDLC _dDLC |
||
| 050 | 0 | 0 |
_aBV5091.C7 _bC375 1994 |
| 082 | 0 | 0 |
_a248.3/4 _220 |
| 100 | 1 |
_aCasey, Michael, _d1942- _97592 |
|
| 245 | 1 | 4 |
_aThe undivided heart : _bthe western monastic approach to contemplation / _cMichael Casey. |
| 260 |
_aPetersham, Mass. : _bSt. Bede's Publications, _cc1994. |
||
| 300 |
_avi, 217 p.; _c23 cm. |
||
| 504 | _aIncludes bibliographical references. | ||
| 650 | 0 |
_aContemplation. _97213 |
|
| 650 | 0 |
_aMonastic and religious life. _924152 |
|
| 650 | 0 |
_aSpiritual formation. _922622 |
|
| 906 |
_a7 _bcbc _corignew _d1 _eocip _f19 _gy-gencatlg |
||
| 942 |
_2lcc _cMONOGRAPH |
||
| 999 |
_c124725 _d124725 |
||